| 000 | 00349nam a2200133Ia 4500 | ||
|---|---|---|---|
| 005 | 20260328104345.0 | ||
| 008 | 260328s9999||||xx |||||||||||||| ||und|| | ||
| 100 | _aBenatti Alvim, Angélica Tanus | ||
| 245 | 0 |
_aPesquisa em Urbanismo / _cAngélica Tanus Benatti Alvim |
|
| 260 | _bMackenzie | ||
| 300 | _a431 p. | ||
| 650 | _aURBANISMO | ||
| 942 | _cBK | ||
| 999 |
_c12262 _d12262 |
||